14系客車の行先方向幕 - Statistics

General Stats
  • This quiz has been taken 312 times
  • The average score is 44 of 64
Answer Stats
表示 % Correct
東京
98%
名古屋
98%
大阪
98%
広島
97%
青森
97%
新潟
97%
京都
95%
岡山
95%
博多
95%
仙台
95%
秋田
95%
金沢
95%
下関
94%
上野
94%
静岡
93%
熊本
93%
盛岡
93%
長崎
92%
大分
91%
富山
90%
品川
89%
宮崎
89%
福島
88%
西鹿児島
86%
出雲市
86%
山形
86%
長野
86%
福井
85%
大宮
84%
鳥取
81%
佐世保
80%
松本
80%
門司
79%
直江津
77%
米子
76%
鳥栖
67%
新大阪
64%
回送
62%
倉吉
60%
新宿
60%
試運転
59%
浜田
58%
黒磯
57%
臨時
55%
団体
55%
新宮
55%
軽井沢
53%
都城
52%
白河
52%
会津若松
46%
妙高高原
45%
越後湯沢
45%
城崎
45%
宇野
40%
紀伊勝浦
39%
白浜
37%
天王寺
33%
上諏訪
30%
浜坂
29%
天橋立
24%
香住
21%
石打
10%
竹野
8%
江原
6%
No matching quizzes found
Score Distribution
Percent of People with Each Score
Percentile by Number Answered
Your Score History
You have not taken this quiz